Somebody to Someone lyrics- Banners - Statistics

General Stats
  • This quiz has been taken 47 times
  • The average score is 302 of 349
Answer Stats
Answer % Correct
be
100%
I
100%
I´ll
100%
to
100%
wanna
100%
just
97%
somebody
97%
someone
97%
Someone
97%
wanna
97%
you
97%
you´re
97%
a
94%
don´t
94%
the
94%
The
94%
if
91%
and
88%
And
88%
fall
88%
oh
88%
start
85%
starts
85%
fade
82%
no
82%
sky
82%
sun
82%
call
79%
get
79%
had
79%
heavy
79%
need
79%
never
79%
one
79%
away
76%
feel
76%
home
76%
nobody
76%
way
76%
Cause
73%
clouds
73%
my
73%
cold
70%
die
70%
everyone
70%
or
70%
own
70%
road
70%
believe
67%
could
67%
goes
67%
lead
67%
really
67%
great
64%
setting
64%
that
64%
world
64%
calling
61%
disappear
61%
Dive
61%
doesn´t
61%
make
61%
moon
61%
shine
61%
trace
61%
without
61%
change
58%
even
58%
is
58%
dividing
55%
falling
55%
for
55%
guiding
55%
like
55%
night
55%
Well
52%
your
52%
starlight
48%
room
42%
circle
39%
view
39%
come
36%
it
36%
all
33%
kingdom
33%
rise
33%
Then
33%
above
27%
No matching quizzes found
Score Distribution
Percent of People with Each Score
Percentile by Number Answered
Your Score History
You have not taken this quiz